Pétrole et dérivés - Statistiques

Statistiques générales
  • Ce quiz a été pris 19 fois
  • Le résultat moyen est 5 sur 9
Statistiques - réponses
Réponse % Correct
Diesel
94%
Essence
88%
Kérosène
63%
Plastique
56%
Bitume
44%
Butane
31%
Fioul léger
31%
Fioul lourd
31%
Propane
31%
Aucun quiz correspondant
Distribution des résultats
% des personnes avec chaque résultat
Percentile par nombre de réponses
Votre historique - résultats
Vous n’avez pas pris ce quiz